Energy economics in railway traction (Record no. 501413)

000 -LEADER
fixed length control field 00401cam a22001337a 4500
008 - FIXED-LENGTH DATA ELEMENTS--GENERAL INFORMATION
fixed length control field 180718b1986 xxu||||| |||| 00| 0 eng d
082 ## - DEWEY DECIMAL CLASSIFICATION NUMBER
Classification number APPPA 85-86 BAN
100 ## - MAIN ENTRY--PERSONAL NAME
Personal name Bansal, D.K.
245 ## - TITLE STATEMENT
Title Energy economics in railway traction
Statement of responsibility, etc. by D.K. Bansal
260 ## - PUBLICATION, DISTRIBUTION, ETC.
Place of publication, distribution, etc. New Delhi
Name of publisher, distributor, etc. Indian Institute of Public Administration
Date of publication, distribution, etc. 1986
300 ## - PHYSICAL DESCRIPTION
Extent 81p.
650 ## - SUBJECT ADDED ENTRY--TOPICAL TERM
Topical term or geographic name entry element Railway traction
650 ## - SUBJECT ADDED ENTRY--TOPICAL TERM
Topical term or geographic name entry element Energy economics
Holdings
Withdrawn status Lost status Damaged status Not for loan Permanent Location Current Location Date acquired Full call number Barcode Date last seen Price effective from Koha item type
        Indian Institute of Public Administration Indian Institute of Public Administration 2018-08-04 APPPA 85-86 BAN GR11871 2018-08-04 2018-08-04 GR

Powered by Koha